Statystyki dla Loga europejskich federacji piłkarskich

Kliknij tutaj aby rozwiązać quiz!

Ogólne statystyki

  • Ten quiz został rozwiązany 96 razy
  • Średni wynik to 15 z 16

Statystyki odpowiedzi

Odpowiedź% Poprawnych
Belgia
100%
Chorwacja
100%
Norwegia
100%
Polska
100%
Rumunia
100%
Francja
99%
Szwecja
99%
Anglia
98%
Portugalia
98%
Słowacja
98%
Malta
95%
Holandia
94%
Irlandia
93%
Ukraina
92%
Grecja
91%
Węgry
90%

Rozkład punktacji

Percentyl według liczby udzielonych odpowiedzi

Procent ludzi z każdym wynikiem

Twoja historia wyników

Nie rozwiązałeś tego quizu